Sister Cities of Trinidad and Tobago - Statistics

General Stats
  • This quiz has been taken 4 times
  • The average score is 2 of 9
Answer Stats
Trinidadian City Country Sister City % Correct
Port of Spain Georgetown
75%
Port of Spain Lagos
75%
Port of Spain Atlanta
50%
Chaguanas Lauderhill
25%
Arima Haringey
0%
San Fernando La Trinité
0%
Port of Spain Morne-à-l'Eau
0%
Port of Spain Richmond
0%
Port of Spain St. Catharines
0%
No matching quizzes found
Score Distribution
Percent of People with Each Score
Percentile by Number Answered
Your Score History
You have not taken this quiz